000 00425nam a2200169Ia 4500
001 55476
008 140505s9999 xx 000 0 und d
020 _aNA
040 _cPK-LaUMT
082 _aMAL 181.5
_bBHA-P
100 _aBhaktivedanta, A. C.
245 4 _aThe perfection of YOGA
_cBhaktivedanta, A. C.
260 _aNew York,USA:
_bBhaktivedant a Book Trust,
_c1972
300 _a56 p.
546 _aEN
942 _cBK
999 _c52814
_d52814